| 000 | 00734nam a2200241Ia 4500 | ||
|---|---|---|---|
| 005 | 20260430150407.0 | ||
| 008 | 008 250103s9999 xx 000 0 eng d | ||
| 037 | _aTheses | ||
| 040 | _aCRL | ||
| 040 | _beng | ||
| 040 | _ceng | ||
| 041 | _2eng | ||
| 041 | _aeng | ||
| 084 | _qCRL | ||
| 100 |
_aMajumdar Sudipto Au.; Singh Inderjit Gu.; Cadotte Mare W. Gu. _91237366 |
||
| 245 | 0 | _aBelowground Feedbacks and Stand Characteristics Affect the Impacts of an Invader on Species, Communities and Ecosystems | |
| 260 | _c2023 | ||
| 300 | _a327p. | ||
| 650 | _aEnvironmental Science | ||
| 700 |
_aUniversity of Delhi. Faculty of Science. Deptt. of Environment Studies _91237362 |
||
| 942 | _cTH | ||
| 999 |
_c1849675 _d1849675 |
||